000 00985nam a2200277 i 4500
001 18010
003 ES-MaACL
005 20251011063050.0
007 t|
008 010807s1999 sp ||||0| spa j
020 _a84-340-1123-9
040 _aM-BN
_bspa
_cM-BN
080 _a946.0"1517/56"
080 _a32(460)"15"
100 1 _aMaravall, José Antonio,
_d1911-1986
_976329
245 1 0 _aCarlos V y el pensamiento político del Renacimiento /
_cJosé Antonio Maravall.
260 _aMadrid :
_bBoletín Oficial del Estado :
_bCentro de Estudios Políticos y Constitucionales,
_c1999.
300 _a221 p ;
_c22 cm.
490 1 _aEstudios políticos
650 1 4 _aPolítica-
_zEspaña-
_yS.XVI.
_916271
651 4 _aEspaña-
_xHistoria-
_y1516-1556, Carlos I.
_98224
710 2 _aCentro de Estudios Políticos y Constitucionales (España)
_92666
830 0 _aEstudios políticos
_9180572
852 _aES-MaACL
_jL-24802
_bR.129991
999 _c18010
_d18010